| 000 -ლიდერი |
| ფიქსირებული სიგრძის საკონტროლო ველი |
01314nam a2200265Ia 4500 |
| 001 - საკონტროლო ნომერი |
| საკონტროლო ველი |
16317 |
| 003 - საკონტროლო ნომრის იდენტიფიკატორი |
| საკონტროლო ველი |
GE_BSU |
| 005 - ბოლო ოპერაციის თარიღი და დრო |
| საკონტროლო ველი |
20200825114300.0 |
| 008 - ფიქსირებული სიგრძის მონაცემთა ელემენტები - ზოგადი ინფორმაცია |
| ფიქსირებული სიგრძის საკონტროლო ველი |
181216s2012ge xx |||||||||||||| ||geo|| |
| 020 ## - წიგნის საერთაშორისო სტანდარტული ნომერი |
| International Standard Book Number |
978-9941-10-564-7 |
| 040 ## - კატალოგიზაციის წყარო |
| Transcribing agency |
GE_BSU |
| 041 ## - ენის კოდი |
| Language code of text/sound track or separate title |
geo |
| 080 ## - უნივერსალური ათობითი კლასიფიკაციის ინდექსი |
| Universal Decimal Classification number |
341.226 გ-43 |
| 100 ## - მთავარი ჩანაწერი - პიროვნების სახელი |
| Personal name |
გეფერიძე, დავით. |
| 9 (RLIN) |
2831 |
| 245 ## - ცნობა სათაურის შესახებ |
| Title |
საერთაშორისო საჰაერო სამართალი / |
| Statement of responsibility, etc |
დავით გეფერიძე ; სამეცნ. რედ. ლევან ალექსიძე ; რედ. ნელი ელიზბარაშვილი. |
| 264 ## - წარმოების, გამოცემის, დისტრიბუციის და სხვა ცნობები |
| გამოცემის, წარმოების, დისტრიბუციის... ადგილი |
თბილისი : |
| გამოცემის, წარმოების, დისტრიბუციის... სახელწოდება |
მერიდიანი, |
| გამოცემის, წარმოების, დისტრიბუციის... თარიღი |
2012.. |
| 300 ## - ფიზიკური აღწერა |
| Extent |
756 გვ >: |
| Dimensions |
20 სმ. |
| 504 ## - BIBLIOGRAPHY, ETC. NOTE |
| Bibliography, etc |
ბიბლიოგრ. ტექსტ. შენიშვნ. |
| 546 ## - LANGUAGE NOTE |
| Language note |
ტექსტი რუს. ენ.: გვ. 666-755. |
| 653 ## - INDEX TERM--UNCONTROLLED |
| Uncontrolled term |
საერთაშორისო საჰაერო სამართალი |
| 653 ## - INDEX TERM--UNCONTROLLED |
| Uncontrolled term |
სამართალი |
| 700 ## - ADDED ENTRY--PERSONAL NAME |
| Personal name |
ლექსიძე, ლევან |
| Relator term |
სამეცნიერო რედაქტორი |
| 9 (RLIN) |
9305 |
| 700 ## - ADDED ENTRY--PERSONAL NAME |
| Relator code |
ელიზბარაშვილი, ნელი |
| Relator term |
რედაქტორი |
| 9 (RLIN) |
9306 |
| 942 ## - ADDED ENTRY ELEMENTS (KOHA) |
| Koha item type |
წიგნი |
| Source of classification or shelving scheme |
|